'G' Actors by Picture Quiz Stats

 Plays Quiz not verified by Sporcle

Challenge
Share
Tweet
Score 0/20 Timer 05:00
0 Plays Today
Column Actor/Actress % Correct
Column 3Whoopi Goldberg
91.7%
Column 4Mel Gibson
87.5%
Column 2Richard Gere
82.6%
Column 5Hugh Grant
81.6%
Column 2John Goodman
79.7%
Column 5Cuba Gooding, Jr.
75.4%
Column 4Jake Gyllenhaal
70.5%
Column 1Rupert Grint
70.1%
Column 5Ryan Gosling
69.6%
Column 1Jennifer Garner
69.3%
Column Actor/Actress % Correct
Column 3Kelsey Grammer
66.2%
Column 1Sarah Michelle Gellar
63.3%
Column 4Jeff Goldblum
62.9%
Column 3Andy Garcia
51.2%
Column 2Judy Garland
46%
Column 4Melanie Griffith
45.1%
Column 1Paul Giamatti
45%
Column 5Eva Gabor
43.4%
Column 2Gilbert Gottfried
31.5%
Column 3Jennie Garth
23.3%

You're not logged in!

Compare scores with friends on all Sporcle quizzes.
OR
Log In

You Might Also Like...

Show Comments

Extras

Top Quizzes Today


Score Distribution

Your Account Isn't Verified!

In order to create a playlist on Sporcle, you need to verify the email address you used during registration. Go to your Sporcle Settings to finish the process.

Report this User

Report this user for behavior that violates our Community Guidelines.

Details: